Heterosis in crop plants (Record no. 42647)

MARC details
000 -LEADER
fixed length control field 00377nam a2200145Ia 4500
020 ## - INTERNATIONAL STANDARD BOOK NUMBER
ISBN 8189614037
082 ## - DEWEY DECIMAL CLASSIFICATION NUMBER
Classification number 575.222.78
Item number KAL
100 ## - MAIN ENTRY--AUTHOR NAME
Personal name Kalloo, G
245 #0 - TITLE STATEMENT
Title Heterosis in crop plants
260 ## - PUBLICATION, DISTRIBUTION, ETC. (IMPRINT)
Place of publication New Delhi
Name of publisher Researchco Book Centre
Year of publication 2006
650 ## - SUBJECT ADDED ENTRY--TOPICAL TERM
Topical Term Crop productivity
650 ## - SUBJECT ADDED ENTRY--TOPICAL TERM
Topical Term Genetic diversity
942 ## - ADDED ENTRY ELEMENTS (KOHA)
Koha item type Books
Holdings
Withdrawn status Lost status Damaged status Not for loan Home library Current library Date acquired Cost, normal purchase price Full call number Accession Number Koha item type
        RRII Library RRII Library 16/12/2021 1950.00 575.222.78 KAL 22916 Books